Estadísticas para Top 10 Países más Occidentales en Europa

Haz click aquí para intentar la prueba.

Estadísticas generales

  • Esta prueba ha sido intentada 5.074 veces
  • La puntuación promedio es 9 de 10

Estadísticas de respuestas

LongitudPaís% Correcto
9°18' OEspaña
100%
5°08' OFrancia
99%
9°50' OPortugal
99%
8°10' OReino Unido
98%
10°28' OIrlanda
96%
24°32' OIslandia
96%
2°35' EBélgica
93%
3°21'EPaíses Bajos
92%
1°24' EAndorra
91%
9°04' ONoruega
78%

Distribución de puntuación

Porcentaje por número respondido

Porcentaje de gente con cada puntuación

Historial de tus puntuaciones

No has intentado esta prueba.